|
|
|
|
| LEADER |
01479nam a22003614a 4500 |
| 001 |
32082 |
| 003 |
BD-DhAAL |
| 005 |
20211115130228.0 |
| 008 |
171105s2016 sz aa |b 000 0 eng |
| 999 |
|
|
|c 38332
|d 38332
|
| 010 |
|
|
|a 2008330862
|
| 020 |
|
|
|a 9783319284934
|
| 020 |
|
|
|a 9783319284958
|
| 022 |
|
|
|a 18609503
|
| 022 |
|
|
|a 1860949x
|
| 040 |
|
|
|a DLC
|c DLC
|d DLC
|d BD-DhAAL
|
| 050 |
0 |
0 |
|a QA76.87
|b .M64 2007
|
| 082 |
|
|
|2 21
|a 006.32
|
| 245 |
1 |
0 |
|a Artificial neural network modelling /
|c edited by Subana Shanmuganathan and Sandhya Samarasinghe
|
| 260 |
|
|
|b Switzerland Springer,
|c 2016
|
| 300 |
|
|
|a vii, 472 pages :
|b illustrations ;
|c 25 cm.
|
| 490 |
0 |
|
|a Studies in computational Intelligence
|v volume 628
|
| 504 |
|
|
|a Includes bibliographical references
|
| 526 |
|
|
|a CSE
|
| 541 |
|
|
|a Trim Education
|e 32082, 32083
|
| 650 |
|
0 |
|a Neural networks (Computer science).
|9 22300
|
| 650 |
|
0 |
|a Artificial intelligence.
|9 22301
|
| 650 |
|
0 |
|a Computer science.
|9 42661
|
| 700 |
|
|
|4 Series Editor
|a Kacprzyk, Janusz
|9 23458
|
| 710 |
2 |
|
|a Polish Academy of Sciences
|9 22302
|
| 942 |
|
|
|2 ddc
|c BK
|
| 952 |
|
|
|0 0
|1 0
|2 ddc
|4 0
|6 006_320000000000000_ART
|7 0
|9 61320
|a BRACUL
|b BRACUL
|c GEN
|d 2017-11-05
|e Trim Education
|g 7514.00
|l 4
|m 39
|o 006.32 ART
|p 3010032082
|r 2025-10-07
|s 2025-07-20
|t 1
|v 7514.00
|y BK
|
| 952 |
|
|
|0 0
|1 0
|2 ddc
|4 0
|6 006_320000000000000_ART
|7 0
|9 61321
|a BRACUL
|b BRACUL
|c GEN
|d 2017-11-05
|e Trim Education
|g 7514.00
|l 5
|m 36
|o 006.32 ART
|p 3010032083
|r 2024-10-22
|s 2024-09-07
|t 2
|v 7514.00
|y BK
|